000 00662nam a2200241Ia 4500
003 OSt
005 20220918192050.0
006 a|||||r|||| 00| 0
007 ta
008 220917b |||||||| |||| 00| 0 eng d
024 _a66,820
037 _cTextual
040 _aARTS
_cARTS
_beng
041 _2eng
_aeng
082 _aR3xL11:4, B8;K9 (ER)
100 _aHume David
245 0 _aTreatise of human nature ed by Ernest C Mossner
260 _aHarmondsworth
_bPenguin Books
_c1969
300 _a678p.
_ccm.
650 _aMETAPHYSICS
_913358
942 _hR3xL11:4, B8;K9 (ER)
_cTEXL
_2CC
999 _c193053
_d193053